Communist China's strategy in the nuclear era
שמור ב:
| מחבר ראשי: | |
|---|---|
| פורמט: | ספר |
| שפה: | Undetermined |
| יצא לאור: |
Englewood Cliffs
Prentice-Hall
1962
|
| נושאים: | |
| תגים: |
הוספת תג
אין תגיות, היה/י הראשונ/ה לתייג את הרשומה!
|
| Thư viện lưu trữ: | Trung tâm Học liệu Trường Đại học Cần Thơ |
|---|
| LEADER | 00510nam a2200181Ia 4500 | ||
|---|---|---|---|
| 001 | CTU_90377 | ||
| 008 | 210402s9999 xx 000 0 und d | ||
| 082 | |a 951.05 | ||
| 082 | |b H873 | ||
| 100 | |a Hsieh, Alice Langley | ||
| 245 | 0 | |a Communist China's strategy in the nuclear era | |
| 245 | 0 | |c Alice Langley Hsieh | |
| 260 | |a Englewood Cliffs | ||
| 260 | |b Prentice-Hall | ||
| 260 | |c 1962 | ||
| 650 | |a Nuclear warfare | ||
| 904 | |i Bằng,Hải | ||
| 980 | |a Trung tâm Học liệu Trường Đại học Cần Thơ | ||